000 00243nam a2200097Ia 4500
001 799239
005 20250826170843.0
008 250824s9999 xx 000 0 und d
245 0 _aNUREDDİN ZENGİ ŞARKIN KANDİLİ
_cALİ EMRE
260 _bKETEBE
999 _c799239
_d799239